000 00556nam a22001817a 4500
003 OSt
005 20160715151445.0
008 150522b xxu||||| |||| 00| 0 eng d
020 _a0727918028
040 _cDNLM
082 _aWG 130C615f 2004.
245 _aClinical Evidence:
_bThe international source of the best avaiable evidence forcardiovacular health care /
260 _aLondon:
_bBMJ Publishing group;
_c2004
300 _a2690p :
_bcol.ill;
_c23 cm.
504 _aIncludes index
650 _aCardiovascular disorders
_94827
942 _2z
_cO_SHELF
999 _c4752
_d4752